000 01262cad a22002415a 4500
001 E148205
008 090819s2009 xxk f s000 0 eng d
020 _a9780755976195
035 _a(Sirsi) u148205
041 0 _aeng
050 0 4 _a338.20212 $2 18
110 2 _aScotland
_bScottish Government
_95344
245 0 4 _aThe draft Management of Waste from Extractive Industries (Scotland) Regulations 2009
_h[electronic resource]
260 _aEdinbugh
_bScottish Government
_c2009
520 _aPresents a draft of the Management of Waste from Extractive Industries (Scotland) Regulations 2009 for comment. The regulations are a response to EU Directive 2006/21/EC1, which sets out requirements for the management of material such as rock, tailings and overburden which result from the working of mines and quarries. Deadline for comments is 16 October 2009.
521 _aAdvanced
590 _aKA
650 2 4 _aDRAFT MANAGEMENT OF WASTE FROM EXTRACTIVE INDUSTRIES (SCOTLAND) REGULATIONS 2009
651 4 _aScotland
_y1999-
690 _aENVIRONMENTAL AND LAND CONSULTANCY-MINERAL RESOURCE MANAGEMENT
856 4 0 _uhttps://www.scotland.gov.uk/Publications/2009/08/12155307/0
_zView the consultation free of charge at www.scotland.gov.uk...
942 _n0
999 _c109948
_d109948